[Event "21. Open Internacional de Sants"]
[Site "Barcelona ESP"]
[Date "2009.08.24"]
[Round "4.16"]
[White "Martinez Duany, Lelys Stanley"]
[Black "Mihailovs, Jurijs"]
[Result "1-0"]
[WhiteElo "2507"]
[BlackElo "2408"]
[PlyCount "39"]
[EventDate "2009.08.21"]
[EventType "swiss"]
[EventRounds "10"]
[EventCountry "ESP"]
[Source "lmi"]
[SourceDate "2009.08.21"]

1. Nf3 c5 2. g3 b6 3. Bg2 Bb7 4. O-O d6 5. d3 g6 6. e4 Bg7 7. Nh4 e5 8. Nc3 Bf6
9. Nf3 Ne7 10. Bh6 Nbc6 11. Nd2 Nd4 12. f4 Nc8 13. fxe5 dxe5 14. Be3 Bg5 15.
Bxg5 Qxg5 16. Nd5 Bxd5 17. exd5 Nd6 18. Ne4 Qd8 19. Qd2 N4f5 20. h3 1-0

[Event "21. Open Internacional de Sants"]
[Site "Barcelona ESP"]
[Date "2009.08.24"]
[Round "4.17"]
[White "Gschwendtner, Klaus"]
[Black "Fargere, Francois"]
[Result "0-1"]
[WhiteElo "2116"]
[BlackElo "2480"]
[PlyCount "72"]
[EventDate "2009.08.21"]
[EventType "swiss"]
[EventRounds "10"]
[EventCountry "ESP"]
[Source "lmi"]
[SourceDate "2009.08.21"]

1. e4 c5 2. Nf3 e6 3. d3 Nc6 4. g3 g6 5. Bg2 Bg7 6. O-O Nge7 7. Re1 O-O 8. c3
e5 9. Be3 d6 10. h3 h6 11. d4 b6 12. Na3 exd4 13. cxd4 d5 14. e5 Nf5 15. Nc2
Be6 16. Bc1 Rc8 17. g4 Nfxd4 18. Ncxd4 cxd4 19. Bf4 Qd7 20. Nxd4 Nxd4 21. Qxd4
Rc4 22. Qd2 Rfc8 23. Rac1 Rxc1 24. Rxc1 Rxc1+ 25. Qxc1 d4 26. b3 d3 27. Qd2 h5
28. Bf1 hxg4 29. hxg4 Qd4 30. Bxd3 Bxg4 31. Qe3 Qa1+ 32. Kg2 Qxa2 33. Bc4 Qc2
34. e6 Bxe6 35. Bxe6 Qc6+ 36. f3 Qxe6 0-1

[Event "21. Open Internacional de Sants"]
[Site "Barcelona ESP"]
[Date "2009.08.24"]
[Round "4.18"]
[White "Munoz Pantoja, Miguel"]
[Black "Gullaksen, Eirik"]
[Result "1/2-1/2"]
[WhiteElo "2427"]
[BlackElo "2396"]
[PlyCount "56"]
[EventDate "2009.08.21"]
[EventType "swiss"]
[EventRounds "10"]
[EventCountry "ESP"]
[Source "lmi"]
[SourceDate "2009.08.21"]

1. e4 c5 2. g3 Nc6 3. Bg2 g6 4. Ne2 Bg7 5. c3 e5 6. d3 Nge7 7. Be3 b6 8. d4
exd4 9. cxd4 Ba6 10. Nbc3 O-O 11. dxc5 bxc5 12. Bxc5 Qa5 13. Bxe7 Bxe2 14. Qd2
Nxe7 15. Nxe2 Qxd2+ 16. Kxd2 Bxb2 17. Rab1 Rab8 18. Nf4 d6 19. Nd3 Bd4 20. Rhc1
Rxb1 21. Rxb1 Nc6 22. Rb5 Ne5 23. Rd5 Bb6 24. Ke2 Nxd3 25. Rxd3 Rc8 26. Rxd6
Rc2+ 27. Rd2 Rxd2+ 28. Kxd2 Bxf2 1/2-1/2

[Event "21. Open Internacional de Sants"]
[Site "Barcelona ESP"]
[Date "2009.08.24"]
[Round "4.19"]
[White "Cruz, Filemon"]
[Black "Ryan, Joseph"]
[Result "1/2-1/2"]
[WhiteElo "2415"]
[BlackElo "2292"]
[PlyCount "104"]
[EventDate "2009.08.21"]
[EventType "swiss"]
[EventRounds "10"]
[EventCountry "ESP"]
[Source "lmi"]
[SourceDate "2009.08.21"]

1. Nf3 Nf6 2. c4 e6 3. d4 d5 4. Nc3 Be7 5. Bg5 h6 6. Bh4 O-O 7. e3 b6 8. Be2
Bb7 9. Bxf6 Bxf6 10. cxd5 exd5 11. b4 c6 12. O-O Re8 13. Qb3 a5 14. a3 axb4 15.
axb4 Rxa1 16. Rxa1 b5 17. Nd1 Nd7 18. Nb2 Nb6 19. Nd3 Nc4 20. Nc5 Bc8 21. Ra8
Qe7 22. h3 Bf5 23. Ra6 Rc8 24. Bd3 Bxd3 25. Qxd3 Qe8 26. Qf5 Be7 27. Nd3 Bd6
28. Nfe5 Bxe5 29. dxe5 Ra8 30. Rxa8 Qxa8 31. e6 fxe6 32. Qxe6+ Kh8 33. h4 Qa1+
34. Kh2 Qf6 35. Qxf6 gxf6 36. Kg3 Kg7 37. Kf4 Kg6 38. g4 Nd6 39. h5+ Kf7 40. f3
Nc4 41. Nc5 Nb2 42. Kg3 Nd1 43. e4 dxe4 44. fxe4 Ne3 45. Kf4 Nc2 46. Nd3 Ke6
47. Kf3 Ke7 48. Ke2 Kf7 49. Kd2 Nd4 50. Ne1 Ne6 51. Nd3 Nd4 52. Ke3 Nc2+
1/2-1/2

[Event "21. Open Internacional de Sants"]
[Site "Barcelona ESP"]
[Date "2009.08.25"]
[Round "5.1"]
[White "Fier, Alexandr"]
[Black "Larino Nieto, David"]
[Result "1-0"]
[WhiteElo "2604"]
[BlackElo "2455"]
[PlyCount "37"]
[EventDate "2009.08.21"]
[EventType "swiss"]
[EventRounds "10"]
[EventCountry "ESP"]
[Source "lmi"]
[SourceDate "2009.08.21"]

1. d4 d5 2. c4 c6 3. Nf3 Nf6 4. Nc3 e6 5. Bg5 h6 6. Bh4 dxc4 7. e4 g5 8. Bg3 b5
9. Be2 Bb7 10. e5 Nh5 11. a4 b4 12. Ne4 c5 13. Nf6+ Nxf6 14. exf6 Bd5 15. Qc2
Nd7 16. Bxc4 Bxf3 17. gxf3 Qxf6 18. Qe4 Rd8 19. Be5 1-0

[Event "21. Open Internacional de Sants"]
[Site "Barcelona ESP"]
[Date "2009.08.25"]
[Round "5.2"]
[White "Ikonnikov, Vyacheslav"]
[Black "Ipatov, Alexander"]
[Result "1/2-1/2"]
[WhiteElo "2556"]
[BlackElo "2454"]
[PlyCount "51"]
[EventDate "2009.08.21"]
[EventType "swiss"]
[EventRounds "10"]
[EventCountry "ESP"]
[Source "lmi"]
[SourceDate "2009.08.21"]

1. Nf3 d5 2. d4 Nf6 3. c4 dxc4 4. e3 g6 5. Bxc4 Bg7 6. Nc3 O-O 7. e4 Bg4 8. Be2
Nfd7 9. O-O Nb6 10. Be3 Nc6 11. d5 Bxf3 12. Bxf3 Ne5 13. Be2 Nec4 14. Bg5 c6
15. Bxc4 Nxc4 16. Qe2 b5 17. dxc6 Bxc3 18. bxc3 Qc7 19. Qg4 h5 20. Qh4 f6 21.
Bf4 Qxc6 22. Rae1 Qe6 23. h3 g5 24. Qxh5 gxf4 25. Qg6+ Kh8 26. Qh6+ 1/2-1/2

[Event "21. Open Internacional de Sants"]
[Site "Barcelona ESP"]
[Date "2009.08.25"]
[Round "5.3"]
[White "Bergez, Luc"]
[Black "Almeida Quintana, Omar"]
[Result "1/2-1/2"]
[WhiteElo "2371"]
[BlackElo "2524"]
[PlyCount "135"]
[EventDate "2009.08.21"]
[EventType "swiss"]
[EventRounds "10"]
[EventCountry "ESP"]
[Source "lmi"]
[SourceDate "2009.08.21"]

1. d4 Nf6 2. c4 c5 3. Nf3 g6 4. Nc3 Bg7 5. g3 O-O 6. Bg2 Nc6 7. d5 Na5 8. Qd3
d6 9. O-O a6 10. e4 b5 11. cxb5 axb5 12. Nxb5 Ba6 13. a4 Nd7 14. Rb1 c4 15. Qc2
Bxb5 16. axb5 Qb6 17. Bd2 Qxb5 18. Rfc1 Rfc8 19. Bf1 Nb3 20. Re1 Ra2 21. Bc3
Bxc3 22. Qxc3 Nb6 23. Qe3 Kg7 24. Nd4 Nxd4 25. Qxd4+ f6 26. b3 Qc5 27. Qxc5
Rxc5 28. Rec1 c3 29. b4 Rc7 30. Rb3 f5 31. f3 Rb2 32. Rcxc3 Rxc3 33. Rxb2 Rxf3
34. Bg2 Rd3 35. exf5 gxf5 36. b5 Kf6 37. Kf2 Rc3 38. Bf3 Nc4 39. Rb4 Rc2+ 40.
Kg1 Nb6 41. Rb1 Rd2 42. Bg2 Rd4 43. Kf2 Rc4 44. Rb3 Rc2+ 45. Kg1 Rc5 46. Kf2
Kf7 47. h4 Ke8 48. Ke3 Kd8 49. Rd3 Rxb5 50. Kf4 Ke8 51. Kxf5 Kf7 52. Kf4 Kf6
53. Be4 Rb4 54. Kf3 h6 55. g4 Nd7 56. Kf4 Rxe4+ 57. Kxe4 Nc5+ 58. Kd4 Nxd3 59.
Kxd3 Ke5 60. Kc4 Ke4 61. h5 Ke5 62. Kb5 Kf4 63. Kc6 Kxg4 64. Kd7 Kf5 65. Kxe7
Ke5 66. Kf7 Kf5 67. Ke7 Ke5 68. Kf7 1/2-1/2

[Event "21. Open Internacional de Sants"]
[Site "Barcelona ESP"]
[Date "2009.08.25"]
[Round "5.4"]
[White "Grigoriants, Sergey"]
[Black "Mestre Bellido, Hector"]
[Result "1-0"]
[WhiteElo "2564"]
[BlackElo "2292"]
[PlyCount "31"]
[EventDate "2009.08.21"]
[EventType "swiss"]
[EventRounds "10"]
[EventCountry "ESP"]
[Source "lmi"]
[SourceDate "2009.08.21"]

1. e4 e5 2. Nf3 Nc6 3. Bb5 a6 4. Ba4 Nf6 5. O-O b5 6. Bb3 Bc5 7. c3 O-O 8. d4
Bb6 9. dxe5 Nxe4 10. Bd5 Nc5 11. Nbd2 Bb7 12. Ne4 Ne6 13. Bg5 Nxg5 14. Nfxg5 h6
15. Qh5 Qe7 16. Qg6 1-0

[Event "21. Open Internacional de Sants"]
[Site "Barcelona ESP"]
[Date "2009.08.25"]
[Round "5.5"]
[White "Caspi, Israel"]
[Black "Narciso Dublan, Marc"]
[Result "1-0"]
[WhiteElo "2417"]
[BlackElo "2553"]
[PlyCount "119"]
[EventDate "2009.08.21"]
[EventType "swiss"]
[EventRounds "10"]
[EventCountry "ESP"]
[Source "lmi"]
[SourceDate "2009.08.21"]

1. e4 e5 2. Nf3 d6 3. d4 exd4 4. Nxd4 Nf6 5. Nc3 Be7 6. Bf4 O-O 7. Qd2 Nc6 8.
O-O-O Nxd4 9. Qxd4 Be6 10. f3 Nd7 11. Kb1 Re8 12. Nd5 Bf8 13. Bc4 Qb8 14. h4
Nb6 15. Bb3 Nxd5 16. Bxd5 c6 17. Bxe6 Rxe6 18. h5 Qd8 19. Rd3 b6 20. Rhd1 Qc7
21. g4 Rd8 22. Qc4 Qb7 23. g5 b5 24. Qc3 Qb6 25. Qd2 b4 26. Qe3 Qxe3 27. Bxe3
Rd7 28. a3 bxa3 29. Rxa3 Re5 30. Rc3 Rc7 31. Bf4 Re6 32. Rd4 g6 33. h6 f6 34.
gxf6 Kf7 35. Bg5 Re5 36. f4 Rb5 37. Rdc4 c5 38. Rd3 Rcb7 39. b3 Rb4 40. Rxb4
Rxb4 41. c4 a5 42. Ka2 a4 43. f5 gxf5 44. exf5 d5 45. Rxd5 axb3+ 46. Kb2 Rb7
47. Rd8 Kg8 48. Bf4 Kf7 49. Be5 Ra7 50. Kxb3 Rb7+ 51. Kc3 Ra7 52. Kd3 Bxh6 53.
Rh8 Ra3+ 54. Ke4 Bf8 55. Rxh7+ Kg8 56. Rc7 Ra8 57. Rb7 Ra2 58. f7+ Kh7 59. Rb2
Rxb2 60. Bxb2 1-0

[Event "21. Open Internacional de Sants"]
[Site "Barcelona ESP"]
[Date "2009.08.25"]
[Round "5.6"]
[White "Kunin, Vitaly"]
[Black "Strunski, Andreas"]
[Result "1/2-1/2"]
[WhiteElo "2532"]
[BlackElo "2413"]
[PlyCount "172"]
[EventDate "2009.08.21"]
[EventType "swiss"]
[EventRounds "10"]
[EventCountry "ESP"]
[Source "lmi"]
[SourceDate "2009.08.21"]

1. Nf3 d5 2. d4 Nf6 3. c4 c6 4. e3 Bg4 5. Nc3 e6 6. h3 Bxf3 7. Qxf3 Nbd7 8. Bd2
Bd6 9. cxd5 exd5 10. g4 Qe7 11. Bd3 Bb4 12. a3 Bxc3 13. Bxc3 a5 14. Qf4 Ne4 15.
Qc7 Nd6 16. Bf5 g6 17. Bxd7+ Qxd7 18. Bxa5 h5 19. O-O-O Rc8 20. Qxd7+ Kxd7 21.
Rdf1 Rce8 22. Bd2 Ne4 23. Be1 Nd6 24. b3 Re4 25. Rhg1 Ree8 26. Rh1 Re4 27. Rhg1
hxg4 28. hxg4 Rh2 29. Kd2 Re8 30. Rh1 Reh8 31. Rxh2 Rxh2 32. Ke2 Ne4 33. Rg1
Ng5 34. a4 Ke6 35. Ba5 Ne4 36. Be1 Ng5 37. Rf1 Ne4 38. Kd3 Ng5 39. f3 Rb2 40.
b4 Ra2 41. a5 Ra1 42. Ke2 Rb1 43. Rf2 Ra1 44. Bd2 Kf6 45. e4 Ne6 46. Bc3 Ra3
47. Kd2 Nc7 48. Kc2 Ke6 49. Rd2 Nb5 50. Rd3 Nd6 51. Bb2 Rxd3 52. Kxd3 f6 53.
Bc1 Nb5 54. Bh6 Nd6 55. Bf8 Nb5 56. Bc5 Nc7 57. Ke3 Nb5 58. Kd3 Nc7 59. Ke3 Nb5
60. Kf4 Nc3 61. Bf8 Nb5 62. exd5+ Kxd5 63. Bg7 Ke6 64. Ke3 Nc7 65. Kd3 Ne8 66.
Bh8 Nd6 67. Kc3 Ke7 68. d5 cxd5 69. Kd4 Ke6 70. Kc5 Nc4 71. f4 Nd6 72. g5 Ne4+
73. Kd4 fxg5 74. fxg5 Nxg5 75. Kc5 Kd7 76. Kb6 Kc8 77. Be5 Ne6 78. b5 Nf8 79.
Kc5 Nd7+ 80. Kxd5 Nxe5 81. Kxe5 Kc7 82. Kf6 Kd6 83. a6 bxa6 84. bxa6 Kc6 85.
Kxg6 Kb6 86. a7 Kxa7 1/2-1/2

[Event "21. Open Internacional de Sants"]
[Site "Barcelona ESP"]
[Date "2009.08.25"]
[Round "5.7"]
[White "Douriet Duany, Alexis"]
[Black "Alsina Leal, Daniel"]
[Result "1/2-1/2"]
[WhiteElo "2306"]
[BlackElo "2529"]
[PlyCount "129"]
[EventDate "2009.08.21"]
[EventType "swiss"]
[EventRounds "10"]
[EventCountry "ESP"]
[Source "lmi"]
[SourceDate "2009.08.21"]

1. d4 d5 2. Nf3 Nf6 3. c4 c6 4. Nc3 e6 5. g3 dxc4 6. Bg2 b5 7. O-O Nbd7 8. Bg5
Bb7 9. a4 a6 10. Ne5 Qc8 11. Nxd7 Qxd7 12. Bxf6 gxf6 13. e3 f5 14. Qf3 O-O-O
15. Rfc1 b4 16. Ne2 c3 17. bxc3 c5 18. Qxb7+ Qxb7 19. Bxb7+ Kxb7 20. dxc5 Bxc5
21. cxb4 Ba7 22. Ra2 Rd7 23. Kf1 Rc8 24. Rxc8 Rd1+ 25. Kg2 Kxc8 26. Rc2+ Kd7
27. Nc1 Bb8 28. Nb3 Bd6 29. Nc5+ Bxc5 30. Rxc5 Rb1 31. Ra5 Rxb4 32. Rxa6 Ke7
33. Ra8 Kf6 34. a5 Ra4 35. a6 Kg7 36. Kf3 Ra2 37. h3 h5 38. Kg2 Ra1 39. a7 Kh7
40. g4 fxg4 41. hxg4 hxg4 42. Kg3 Kg7 43. Kxg4 Ra4+ 44. Kf3 Ra1 45. Ke4 Ra4+
46. Ke5 Ra5+ 47. Kd6 Ra1 48. Ke7 Ra2 49. f4 Ra1 50. e4 Ra2 51. Kd6 Ra1 52. Kc5
Rc1+ 53. Kb4 Rb1+ 54. Kc3 Ra1 55. Kd4 Ra4+ 56. Ke3 Ra3+ 57. Kf2 Ra2+ 58. Kf3
Ra1 59. Ke3 Ra3+ 60. Kf2 Ra2+ 61. Kg3 Ra1 62. f5 exf5 63. e5 Ra4 64. Kf3 Kh7
65. Kg2 1/2-1/2

[Event "21. Open Internacional de Sants"]
[Site "Barcelona ESP"]
[Date "2009.08.25"]
[Round "5.9"]
[White "Lanzani, Mario"]
[Black "Cuartas, Jaime Alexander"]
[Result "0-1"]
[WhiteElo "2361"]
[BlackElo "2521"]
[PlyCount "42"]
[EventDate "2009.08.21"]
[EventType "swiss"]
[EventRounds "10"]
[EventCountry "ESP"]
[Source "lmi"]
[SourceDate "2009.08.21"]

1. e4 c6 2. c4 e5 3. Nf3 Nf6 4. Nc3 Qa5 5. Be2 Bb4 6. O-O O-O 7. d3 Bxc3 8.
bxc3 d6 9. Bd2 Na6 10. Nh4 Qd8 11. g3 Bh3 12. Re1 Nc5 13. f4 Ncxe4 14. dxe4
Qb6+ 15. Kh1 Nxe4 16. Qc2 Nf2+ 17. Kg1 Nd3+ 18. Kh1 Nxe1 19. Bxe1 f5 20. fxe5
dxe5 21. Bf3 Qc5 0-1

[Event "21. Open Internacional de Sants"]
[Site "Barcelona ESP"]
[Date "2009.08.25"]
[Round "5.10"]
[White "Tallo Dominguez, Imar"]
[Black "Gonzalez Garcia, Jose"]
[Result "0-1"]
[WhiteElo "2124"]
[BlackElo "2509"]
[PlyCount "116"]
[EventDate "2009.08.21"]
[EventType "swiss"]
[EventRounds "10"]
[EventCountry "ESP"]
[Source "lmi"]
[SourceDate "2009.08.21"]

1. e4 c5 2. Nf3 d6 3. d4 cxd4 4. Nxd4 Nf6 5. Nc3 Nc6 6. g3 e5 7. Nde2 Be7 8.
Bg2 h5 9. h3 h4 10. g4 Nh7 11. Be3 Be6 12. Qd2 Bg5 13. Bxg5 Qxg5 14. O-O-O
O-O-O 15. Qxg5 Nxg5 16. Nb5 Bc4 17. Nec3 Bxb5 18. Nxb5 Rh6 19. Rd2 a6 20. Nc3
Ne7 21. Nd5 Nxd5 22. Rxd5 Rf6 23. Rd2 Kd7 24. Rhd1 Kc8 25. Rh1 Rh6 26. Rd5 Rf6
27. Rd2 Kd7 28. Rhd1 Ke7 29. b3 Rf4 30. Re2 Rc8 31. Kb2 Rc6 32. a4 a5 33. c3
Ne6 34. Rc1 Nc5 35. Kc2 Rc8 36. Ra1 Rf6 37. Rd2 Rf4 38. Re2 Ne6 39. Kb2 Rf6 40.
Rd2 Ng5 41. Rad1 b6 42. Rc1 Rf4 43. Re2 g6 44. Rf1 f5 45. exf5 gxf5 46. gxf5
Rf8 47. Rc1 R8xf5 48. Rcc2 Ke6 49. Ka3 Rf8 50. Kb2 Ke7 51. Kc1 R4f6 52. Rb2 Ne6
53. Bf1 Rf3 54. b4 Rxc3+ 55. Kd2 Rff3 56. Re4 Ra3 57. Rxh4 Rxf2+ 58. Be2 Nd4
0-1

[Event "21. Open Internacional de Sants"]
[Site "Barcelona ESP"]
[Date "2009.08.25"]
[Round "5.11"]
[White "Cruz, Jonathan"]
[Black "Martinez Duany, Lelys Stanley"]
[Result "0-1"]
[WhiteElo "2292"]
[BlackElo "2507"]
[PlyCount "88"]
[EventDate "2009.08.21"]
[EventType "swiss"]
[EventRounds "10"]
[EventCountry "ESP"]
[Source "lmi"]
[SourceDate "2009.08.21"]

1. d4 Nf6 2. c4 d6 3. Nc3 Nbd7 4. e4 e5 5. d5 Nc5 6. f3 a5 7. Be3 Be7 8. Nge2
Nh5 9. Qd2 h6 10. g4 Bh4+ 11. Kd1 Nf6 12. Ng3 g6 13. Be2 Na6 14. Rc1 h5 15.
gxh5 Nxh5 16. Nxh5 Rxh5 17. f4 exf4 18. Bxf4 Rh7 19. Kc2 Nc5 20. Kb1 Qe7 21.
Bd3 Bd7 22. Bc2 O-O-O 23. Rcf1 Bf6 24. Rf3 Be5 25. Rhf1 Bxf4 26. Rxf4 Rdh8 27.
Ne2 b6 28. R1f2 Rxh2 29. Rxf7 Rh1+ 30. Nc1 Qe5 31. Rf8+ Rxf8 32. Rxf8+ Kb7 33.
Qg2 Qh5 34. Rf6 Qh6 35. Rf1 Rh2 36. Qf3 Qd2 37. Qc3 Qxc3 38. bxc3 g5 39. Re1 g4
40. e5 dxe5 41. Rxe5 g3 42. Ne2 Rh1+ 43. Kb2 Re1 44. d6 g2 0-1

[Event "21. Open Internacional de Sants"]
[Site "Barcelona ESP"]
[Date "2009.08.25"]
[Round "5.12"]
[White "Fargere, Francois"]
[Black "Pitl, Gregory"]
[Result "1-0"]
[WhiteElo "2480"]
[BlackElo "2405"]
[PlyCount "75"]
[EventDate "2009.08.21"]
[EventType "swiss"]
[EventRounds "10"]
[EventCountry "ESP"]
[Source "lmi"]
[SourceDate "2009.08.21"]

1. Nf3 Nf6 2. g3 d5 3. Bg2 e6 4. O-O Be7 5. d3 c5 6. Nbd2 Nc6 7. e4 Qc7 8. Re1
b6 9. Nf1 Bb7 10. Bf4 Qd8 11. e5 Nd7 12. h4 h6 13. h5 g5 14. hxg6 fxg6 15. c4
d4 16. b4 Qc7 17. b5 Nd8 18. N1h2 g5 19. Bc1 Nf7 20. Ng4 O-O-O 21. Nf6 Ndxe5
22. Nxe5 Nxe5 23. Bxb7+ Kxb7 24. Ng4 Bd6 25. Nxe5 Bxe5 26. Qe2 Bd6 27. a4 Rde8
28. a5 bxa5 29. Bd2 Kb8 30. Rxa5 Rh7 31. Rea1 Qc8 32. Ra6 Rd7 33. b6 Ree7 34.
bxa7+ Rxa7 35. Rb1+ Reb7 36. Rxb7+ Qxb7 37. Rxd6 Ra1+ 38. Be1 1-0

[Event "21. Open Internacional de Sants"]
[Site "Barcelona ESP"]
[Date "2009.08.25"]
[Round "5.14"]
[White "Gachet, Sebastien"]
[Black "Solodovnichenko, Yuri"]
[Result "1/2-1/2"]
[WhiteElo "2330"]
[BlackElo "2596"]
[PlyCount "31"]
[EventDate "2009.08.21"]
[EventType "swiss"]
[EventRounds "10"]
[EventCountry "ESP"]
[Source "lmi"]
[SourceDate "2009.08.21"]

1. e4 g6 2. d4 Bg7 3. Nf3 d6 4. Bc4 Nf6 5. Qe2 O-O 6. O-O Nc6 7. e5 Nd7 8. e6
Nb6 9. exf7+ Kh8 10. Bb3 Nxd4 11. Nxd4 Bxd4 12. c3 Bf6 13. Bh6 Bg7 14. Bg5 Bf6
15. Bh6 Bg7 16. Bg5 1/2-1/2

[Event "21. Open Internacional de Sants"]
[Site "Barcelona ESP"]
[Date "2009.08.25"]
[Round "5.15"]
[White "Lemos, Damian"]
[Black "Shen, Siyuan"]
[Result "1/2-1/2"]
[WhiteElo "2547"]
[BlackElo "2321"]
[PlyCount "65"]
[EventDate "2009.08.21"]
[EventType "swiss"]
[EventRounds "10"]
[EventCountry "ESP"]
[Source "lmi"]
[SourceDate "2009.08.21"]

1. d4 d5 2. c4 c6 3. Nf3 Nf6 4. e3 Bf5 5. Nc3 e6 6. Nh4 Bg6 7. Be2 Nbd7 8. Bd2
Be7 9. Nxg6 hxg6 10. Qc2 dxc4 11. Bxc4 Rc8 12. a3 Nb6 13. Ba2 c5 14. Qd3 O-O
15. O-O Qd7 16. Rad1 Rfd8 17. Rfe1 Bf8 18. Bc1 Qc6 19. Ne2 cxd4 20. Nxd4 Qc7
21. Qe2 Nbd5 22. e4 Nf4 23. Bxf4 Qxf4 24. Nxe6 fxe6 25. Bxe6+ Kh7 26. Bxc8 Rxc8
27. e5 Ng4 28. g3 Qf5 29. Rd4 Rc2 30. Qf1 Qh5 31. h4 Qf5 32. b4 a5 33. Rf4
1/2-1/2

[Event "21. Open Internacional de Sants"]
[Site "Barcelona ESP"]
[Date "2009.08.25"]
[Round "5.16"]
[White "Reinaldo Castineira, Roi"]
[Black "Sharevich, Anna"]
[Result "1-0"]
[WhiteElo "2503"]
[BlackElo "2316"]
[PlyCount "85"]
[EventDate "2009.08.21"]
[EventType "swiss"]
[EventRounds "10"]
[EventCountry "ESP"]
[Source "lmi"]
[SourceDate "2009.08.21"]

1. c4 e5 2. g3 Nc6 3. Bg2 d6 4. Nc3 Be6 5. d3 Qd7 6. b4 g6 7. b5 Nd8 8. a4 Bg7
9. Qb3 a5 10. Nd5 Bxd5 11. cxd5 b6 12. Bb2 f5 13. Nf3 Nf7 14. Rc1 Ne7 15. Nd2
O-O 16. f4 Rac8 17. O-O Kh8 18. Rc4 Nd8 19. Rc2 Nb7 20. Nf3 Nc5 21. Rxc5 bxc5
22. fxe5 Ng8 23. Bc3 dxe5 24. Nxe5 Qe7 25. Qb2 Rce8 26. Nc4 Bxc3 27. Qxc3+ Qf6
28. Qxf6+ Nxf6 29. Bf3 Nd7 30. d6 cxd6 31. Nxa5 Nb6 32. Ra1 Rf7 33. Nc4 Nxc4
34. dxc4 Rb8 35. a5 Ra7 36. Kf2 Kg7 37. Ke3 Kf6 38. Kd3 Ke7 39. Kc3 Kd7 40. Kb3
Kd8 41. Ka4 Kc7 42. Ra3 Kd8 43. Re3 1-0

[Event "21. Open Internacional de Sants"]
[Site "Barcelona ESP"]
[Date "2009.08.25"]
[Round "5.18"]
[White "Bacallao Alonso, Yusnel"]
[Black "Lillo Castay, Victor"]
[Result "1-0"]
[WhiteElo "2467"]
[BlackElo "2314"]
[PlyCount "45"]
[EventDate "2009.08.21"]
[EventType "swiss"]
[EventRounds "10"]
[EventCountry "ESP"]
[Source "lmi"]
[SourceDate "2009.08.21"]

1. e4 c5 2. Nf3 d6 3. Bb5+ Nd7 4. O-O Ngf6 5. Re1 a6 6. Bf1 b6 7. d3 e6 8. c3
Bb7 9. Nbd2 Be7 10. d4 O-O 11. Bd3 Qc7 12. Nf1 Rfd8 13. Ng3 b5 14. Bg5 h6 15.
Bd2 Nb6 16. Qe2 c4 17. Bc2 d5 18. e5 Nfd7 19. Nh5 a5 20. Nh4 Bxh4 21. Qg4 Bg5
22. Bxg5 hxg5 23. Qxg5 1-0

[Event "21. Open Internacional de Sants"]
[Site "Barcelona ESP"]
[Date "2009.08.25"]
[Round "5.19"]
[White "Ryan, Joseph"]
[Black "Alonso Rosell, Alvar"]
[Result "0-1"]
[WhiteElo "2292"]
[BlackElo "2461"]
[PlyCount "68"]
[EventDate "2009.08.21"]
[EventType "swiss"]
[EventRounds "10"]
[EventCountry "ESP"]
[Source "lmi"]
[SourceDate "2009.08.21"]

1. e4 c6 2. d4 d5 3. Nc3 dxe4 4. Nxe4 Bf5 5. Ng3 Bg6 6. h4 h6 7. Nf3 Nd7 8. h5
Bh7 9. Bd3 Bxd3 10. Qxd3 e6 11. Bd2 Ngf6 12. O-O-O Be7 13. Qe2 c5 14. Rhe1 cxd4
15. Nxd4 O-O 16. Ngf5 Bc5 17. Nxh6+ gxh6 18. Bxh6 Re8 19. g4 Kh8 20. Nb3 Be7
21. Bd2 Rc8 22. g5 Nd5 23. g6 Bf6 24. gxf7 Re7 25. Rg1 Qc7 26. c3 Ne5 27. Bg5
Bxg5+ 28. Rxg5 Nxf7 29. Rg4 Ne5 30. Re4 Nxc3 31. bxc3 Qxc3+ 32. Kb1 Nc4 33.
Rxc4 Qxc4 34. Rd8+ Kh7 0-1

[Event "21. Open Internacional de Sants"]
[Site "Barcelona ESP"]
[Date "2009.08.25"]
[Round "5.20"]
[White "Vila Gazquez, Xavier"]
[Black "Robles Garcia, Claudia"]
[Result "1-0"]
[WhiteElo "2457"]
[BlackElo "2242"]
[PlyCount "117"]
[EventDate "2009.08.21"]
[EventType "swiss"]
[EventRounds "10"]
[EventCountry "ESP"]
[Source "lmi"]
[SourceDate "2009.08.21"]

1. d4 Nf6 2. Nf3 g6 3. Bf4 Bg7 4. e3 d6 5. h3 c6 6. Be2 Nbd7 7. O-O O-O 8. c4
Re8 9. Nc3 Qb6 10. Qc2 e5 11. Bh2 a6 12. Rfd1 exd4 13. Rxd4 d5 14. cxd5 Nxd5
15. Rxd5 cxd5 16. Nxd5 Qc5 17. Qxc5 Nxc5 18. Nc7 Bf5 19. Nxa8 Rxa8 20. Be5 Bxe5
21. Nxe5 f6 22. Nf3 Na4 23. Nd4 Be4 24. b3 Nc3 25. Bc4+ Kf8 26. f3 Bd5 27. Bxd5
Nxd5 28. Kf2 Rc8 29. Rd1 Ke7 30. Rd2 Nb4 31. a3 Nc6 32. Rc2 Kd6 33. Nxc6 bxc6
34. Ke2 a5 35. Kd3 Rb8 36. Kc4 Re8 37. Rc3 Re5 38. Rd3+ Kc7 39. e4 f5 40. Kd4
Kd6 41. Rc3 fxe4 42. fxe4 c5+ 43. Ke3 Re8 44. Rd3+ Kc6 45. g3 Re7 46. Kf4 Rf7+
47. Kg5 a4 48. g4 axb3 49. Rxb3 c4 50. Re3 Kd6 51. Rc3 Kc5 52. e5 Kd4 53. e6
Rf1 54. Rc2 Kd3 55. Ra2 c3 56. e7 Re1 57. Kf6 c2 58. Rxc2 Kxc2 59. a4 1-0

[Event "21. Open Internacional de Sants"]
[Site "Barcelona ESP"]
[Date "2009.08.26"]
[Round "6.8"]
[White "Cruz, Filemon"]
[Black "Kunin, Vitaly"]
[Result "0-1"]
[WhiteElo "2415"]
[BlackElo "2532"]
[PlyCount "78"]
[EventDate "2009.08.21"]
[EventType "swiss"]
[EventRounds "10"]
[EventCountry "ESP"]
[Source "lmi"]
[SourceDate "2009.08.21"]

1. d4 Nf6 2. Nf3 e6 3. c4 b6 4. g3 Ba6 5. b3 Bb7 6. Bg2 Bb4+ 7. Bd2 a5 8. O-O
O-O 9. Bc1 a4 10. Bb2 axb3 11. axb3 Rxa1 12. Bxa1 d5 13. Ne5 Nbd7 14. Nc3 Qa8
15. Nd3 Bxc3 16. Bxc3 dxc4 17. Bxb7 Qxb7 18. bxc4 Ne4 19. Qb3 Ra8 20. f3 Nd6
21. d5 Re8 22. e4 Qa6 23. dxe6 fxe6 24. Nb2 Nc5 25. Qb4 e5 26. Be1 Ne6 27. Bf2
c5 28. Qb3 Nd4 29. Qd3 Qa2 30. Bxd4 cxd4 31. Rf2 Rc8 32. Rc2 Ra8 33. Qe2 Qb1+
34. Kg2 Ra2 35. Rd2 h6 36. h4 Qc1 37. Kh3 Kh7 38. Kg4 h5+ 39. Kh3 Qh1+ 0-1

[Event "21. Open Internacional de Sants"]
[Site "Barcelona ESP"]
[Date "2009.08.26"]
[Round "6.10"]
[White "Strunski, Andreas"]
[Black "Reinaldo Castineira, Roi"]
[Result "1-0"]
[WhiteElo "2413"]
[BlackElo "2503"]
[PlyCount "105"]
[EventDate "2009.08.21"]
[EventType "swiss"]
[EventRounds "10"]
[EventCountry "ESP"]
[Source "lmi"]
[SourceDate "2009.08.21"]

1. d4 e6 2. c4 c5 3. d5 exd5 4. cxd5 Nf6 5. Nc3 Bd6 6. Nf3 Bc7 7. e4 d6 8. h3
O-O 9. Bd3 a6 10. a4 Re8 11. O-O Nbd7 12. Bg5 h6 13. Bf4 Nf8 14. Nd2 Ng6 15.
Bg3 Rb8 16. Re1 Ne5 17. Bf1 Bd7 18. f4 Ng6 19. a5 Bxa5 20. Rxa5 Qxa5 21. Nc4
Qb4 22. Nxd6 Qxb2 23. Qf3 b5 24. Nxe8 Rxe8 25. e5 b4 26. Nd1 Qd4+ 27. Bf2 Qd2
28. Ne3 Nh7 29. g3 Qc3 30. Rd1 b3 31. Be1 Qb2 32. Nc4 Qa2 33. Qc3 Rb8 34. Bd3
Bxh3 35. Rd2 Qa4 36. e6 Nhf8 37. f5 Ne7 38. f6 Nxd5 39. exf7+ Kxf7 40. Qe5 Rd8
41. fxg7 Ne6 42. Qh5+ Ke7 43. Qxh3 Qa1 44. Re2 Ndc7 45. Qh4+ Qf6 46. Qxf6+ Kxf6
47. Bc3+ Nd4 48. Bxd4+ cxd4 49. Bh7 d3 50. g8=Q Rxg8 51. Rf2+ Kg7 52. Bxg8 Kxg8
53. Rb2 1-0